| 000 | 00645nam a2200181 4500 | ||
|---|---|---|---|
| 001 | 148050 | ||
| 003 | ES-MaACL | ||
| 007 | t| | ||
| 008 | 070214s1924 gw r ||||1| ger d | ||
| 100 | 1 |
_aStier-Somlo, Fritz. _9108211 |
|
| 245 | 1 | 0 |
_aDeutsches Reichs und Landesstaatsrecht / _cvon Fritz Stier-Somlo. _n, . I. |
| 260 |
_aBerlin [etc.] : _bWalter de Gruyter, _c1924 ( _eLeipzig : _fMetzger et Wittig) |
||
| 300 |
_aXV, 726 p. ; _c20 cm. |
||
| 490 | 1 |
_aLehrbücher und Grundisse der Rechtswissenschaft ; _v18 |
|
| 830 | 0 |
_aLehrbücher und Grundisse der Rechtswissenschaft ; _v18 _9220974 |
|
| 852 |
_aES-MaACL _jC-8207 |
||
| 999 |
_c148050 _d148050 |
||